logo

Bir Sreshtho Munshi Abdur Rouf Library
Jhenaidah Cadet College

Microeconomics : (Record no. 5141)

MARC details
000 -LEADER
fixed length control field 00726pam a2200265 a 4500
001 - CONTROL NUMBER
JCCL Control Number 5141
003 - CONTROL NUMBER IDENTIFIER
JCCL marc code BD-JhCC
005 - DATE AND TIME OF LATEST TRANSACTION
control field 20171209173633.0
008 - FIXED-LENGTH DATA ELEMENTS--GENERAL INFORMATION
fixed length control field 870805s1988 nyua b 001 0 eng
020 ## - INTERNATIONAL STANDARD BOOK NUMBER
International Standard Book Number 0393956350
035 ## - SYSTEM CONTROL NUMBER
system control number (BD-JhCC)
040 ## - CATALOGING SOURCE
Original cataloging agency DLC
Transcribing agency DLC
Modifying agency DLC
041 ## - LANGUAGE CODE
Language code of Book eng
050 00 - LIBRARY OF CONGRESS CALL NUMBER
Classification number HB172
Item number .M36 1988
082 00 - DEWEY DECIMAL CLASSIFICATION NUMBER
Classification number 338.5
DDC Edition number 19
Author mark and Year MAN 1988
100 1# - MAIN ENTRY--PERSONAL NAME
Personal name Mansfield, Edwin.
245 10 - TITLE STATEMENT
Title Microeconomics :
Remainder of title theory, applications /
Statement of responsibility, etc Edwin Mansfield.
250 ## - EDITION STATEMENT
Edition statement 6th ed.
260 ## - PUBLICATION, DISTRIBUTION, ETC. (IMPRINT)
Place of publication, distribution, etc New York :
Name of publisher, distributor, etc Norton,
Date of publication, distribution, etc c1988.
300 ## - PHYSICAL DESCRIPTION
Pagination xvi, 599, 72 p. :
Other physical details ill. (some col.) ;
Dimensions 24 cm.
504 ## - BIBLIOGRAPHY, ETC. NOTE
Bibliography, etc Includes bibliographical references and index.
650 #0 - SUBJECT ADDED ENTRY--TOPICAL TERM
Topical term or geographic name as entry element Microeconomics.
942 ## - ADDED ENTRY ELEMENTS (KOHA)
Source of classification or shelving scheme Dewey Decimal Classification
Koha item type Books
Holdings
Source of classification or shelving scheme Damaged status Not for loan Home library Current library Shelving location Date of accession Total Checkouts Full call number Barcode Date last seen Copy number Koha item type
Dewey Decimal Classification     JCC Rouf Library JCC Rouf Library General Stacks 12/09/2017   338.5 MAN 1988 7079 12/09/2017 c-1 Books

JCC Library | Contacts | JCC Home

Last Update on 23 September 2017
Copyright @ 2017-2020 JCC Rouf Library
Rouf Library, Jhenidah Cadet College (JCC), Bangladesh